[Event "Pardubice op"]
[Site "Pardubice"]
[Date "1993.??.??"]
[Round "2"]
[White "Nagel, Herbert"]
[Black "Blimke, Dalia"]
[Result "1-0"]
[WhiteElo "2270"]
[BlackElo "2030"]

1.e4 c5 2.Nf3 Nc6 3.d4 cxd4 4.Nxd4 Qc7 5.Nc3 e6 6.g3 a6 7.Bg2 Nf6 8.O-O Be7
9.Re1 d6 10.Nxc6 bxc6 11.e5 dxe5 12.Rxe5 O-O 13.Bf4 Qb7 14.Na4 Nd5 15.c4 Nxf4
16.gxf4 Qc7 17.c5 Bf6 18.Qd6 Bxe5 19.fxe5 Ra7 20.Rd1 f6 21.Nb6 fxe5 22.Bxc6 Qf7
23.Bg2 Qxf2+ 24.Kh1 Bb7 25.c6 Qxb6 26.Qxe6+ Kh8 27.Qe7 Qf2 28.cxb7 h6 29.Rf1 Qxf1+
30.Bxf1 Rxf1+ 31.Kg2 Rxb7 32.Qxb7  1-0

[Event "Rishon Le Ziyyon"]
[Site "Rishon Le Ziyyon"]
[Date "1993.??.??"]
[Round "9"]
[White "Liss, Eran"]
[Black "Grivas, Efstratios"]
[Result "0-1"]
[WhiteElo "2405"]
[BlackElo "2505"]

1.e4 c5 2.Nf3 Nc6 3.d4 cxd4 4.Nxd4 Qb6 5.Nb3 Nf6 6.Nc3 e6 7.Be3 Qc7 8.f4 Bb4
9.Bd3 Bxc3+ 10.bxc3 d6 11.O-O e5 12.Kh1 Ng4 13.Bg1 exf4 14.Rxf4 Nge5 15.Nd4 O-O
16.Qh5 Ng6 17.Rf3 Nce5 18.Rg3 Nf4 19.Qg5 Ne6 20.Nxe6 fxe6 21.Bd4 b6 22.Rb1 Rf7
23.h3 Bd7 24.Be2 Raf8 25.Bh5 Rf1+ 26.Kh2 Bc6 27.Rxf1 Rxf1 28.Bxe5 dxe5 29.Bf3 Kh8
30.h4 Be8 31.Be2 Rf4 32.Rf3 h6 33.Qg3 Bh5 34.Rf2 Bxe2 35.Rxe2 Qe7 36.Kg1 Qc5+
37.Qe3 Qxe3+ 38.Rxe3 Rxh4 39.c4 Rf4 40.g3 Rf7 41.Rb3 Rc7 42.Rb4 Kh7 43.Kg2 Kg6
44.Kf3 Kg5 45.a4 Rc5 46.c3 g6 47.Rb3 Rxc4 48.Ra3 Rc5 49.Rb3 h5 50.Ra3 h4
51.gxh4+ Kxh4  0-1

[Event "Silvaplana (Women)"]
[Site "Silvaplana"]
[Date "1993.??.??"]
[Round "?"]
[White "Ankerst, Milka"]
[Black "Jahn, Constanze"]
[Result "1/2-1/2"]
[WhiteElo "2130"]
[BlackElo "2195"]

1.e4 c5 2.Nf3 Nc6 3.d4 cxd4 4.Nxd4 Qb6 5.Nb3 Nf6 6.Nc3 e6 7.Bd3 a6 8.O-O Be7
9.a4 Qc7 10.Be3 Ne5 11.h3 d6 12.a5 Nc4 13.Bc1 Bd7 14.Qe2 Rc8 15.f4 O-O 16.Re1 Rfe8
17.Qf2 g6 18.Kh1 Bf8 19.Nd2 Nxd2 20.Bxd2 Bc6 21.Na4 Nd7 22.Be3 Bxa4 23.Rxa4 Nc5
24.Bxc5 Qxc5 25.Qxc5 Rxc5  1/2-1/2

[Event "St Petersburg op"]
[Site "St Petersburg"]
[Date "1993.??.??"]
[Round "?"]
[White "Petelin, A."]
[Black "Kuzmin, Gennadi P"]
[Result "0-1"]
[WhiteElo "2375"]
[BlackElo "2500"]

1.e4 c5 2.Nf3 Nc6 3.d4 cxd4 4.Nxd4 Qb6 5.Nb3 Nf6 6.Nc3 e6 7.Bd3 Be7 8.Be3 Qc7
9.f4 d6 10.Qf3 a6 11.g4 b5 12.g5 Nd7 13.O-O-O Bb7 14.Qh3 Nb4 15.Kb1 Rc8 16.Rd2 O-O
17.Rg1 Nxd3 18.cxd3 Rfe8 19.Nd4 b4 20.Nce2 Nc5 21.f5 exf5 22.exf5 Bf8 23.Nf4 g6
24.Qg3 Bg7 25.h4 Ne4 26.dxe4 Bxe4+ 27.Nd3 Qc4 28.Rgd1 Bxd4 29.Bxd4 Qxd4 30.f6 Bf5
31.Rc1 Rc5 32.Rxc5 dxc5 33.Kc1 Qc4+ 34.Kd1 Bg4+  0-1

[Event "FRM-ch"]
[Site "Struga"]
[Date "1993.??.??"]
[Round "11"]
[White "Gicov, Zoran"]
[Black "Kocovski, Ivan"]
[Result "1-0"]
[WhiteElo "2265"]
[BlackElo "2300"]

1.e4 c5 2.Nf3 Nc6 3.d4 cxd4 4.Nxd4 Qb6 5.Nb3 Nf6 6.Nc3 e6 7.Be3 Qc7 8.Bd3 a6
9.a4 b6 10.O-O Be7 11.f4 d6 12.Kh1 O-O 13.Qf3 Bb7 14.Rae1 Nb4 15.Qg3 g6 16.f5 e5
17.Bh6 Rfe8 18.Bg5 Nh5 19.Qg4 Bxg5 20.Qxg5 f6 21.Qh4 Kg7 22.Re3 Nf4 23.Rxf4 exf4
24.Rh3 Rh8 25.Qh6+ Kf7 26.Qxh7+  1-0

[Event "Szekszard op"]
[Site "Szekszard"]
[Date "1993.??.??"]
[Round "3"]
[White "Szalanczy, Emil"]
[Black "Gyorkos, Lajos"]
[Result "1-0"]
[WhiteElo "2365"]
[BlackElo "2435"]

1.e4 c5 2.Nf3 Nc6 3.d4 cxd4 4.Nxd4 Qb6 5.Nb3 Nf6 6.Nc3 e6 7.Bd3 d6 8.Qe2 Be7
9.Be3 Qc7 10.O-O-O a6 11.g4 b5 12.g5 Nd7 13.f4 Bb7 14.Kb1 Nc5 15.Rhe1 Na4
16.Bd2 Nxc3+ 17.Bxc3 e5 18.h4 h6 19.gxh6 Rxh6 20.h5 Bf6 21.Bd2 Rh8 22.f5 Ke7
23.Qg4 Rac8 24.Rc1 Qb6 25.Be3 Qd8 26.Red1 Na5 27.Nxa5 Qxa5 28.Bd2 Qb6 29.Rh1 Rh7
30.Rcd1 a5 31.Qe2 b4 32.Be3 Qc6 33.Rc1 d5 34.Bb5 Qd6 35.exd5 e4 36.Rhd1 Bxd5
37.Qd2 Qe5 38.c4 Bb7 39.Bf4  1-0

[Event "Ufa"]
[Site "Ufa"]
[Date "1993.??.??"]
[Round "?"]
[White "Voloshin, Leonid"]
[Black "Yandemirov, Valeri"]
[Result "0-1"]
[WhiteElo "2420"]
[BlackElo "2465"]

1.e4 c5 2.Nf3 Nc6 3.d4 cxd4 4.Nxd4 Qc7 5.Nc3 e6 6.g3 a6 7.Bg2 Nf6 8.O-O Be7
9.a4 O-O 10.Nb3 d6 11.f4 Rb8 12.g4 b5 13.axb5 axb5 14.g5 Nd7 15.Qe2 b4 16.Nd1 Nc5
17.Nxc5 Nd4 18.Qf2 dxc5 19.Ne3 Bd7 20.Ng4 Bb5 21.Re1 b3 22.f5 exf5 23.exf5 Bd6
24.f6 g6 25.Be4 Rfe8 26.c3 Nc2 27.Bxc2 Rxe1+ 28.Qxe1 bxc2 29.Qf2 Bd3 30.Ne3 Re8
31.Bd2 c4 32.Nd5 Qc8 33.Ne3 Bc5 34.Re1 Qh3 35.Bc1 Re4 36.Kh1  0-1

[Event "Velden op"]
[Site "Velden"]
[Date "1993.??.??"]
[Round "8"]
[White "Szalanczy, Emil"]
[Black "Horvath, Jozsef"]
[Result "1/2-1/2"]
[WhiteElo "2365"]
[BlackElo "2535"]

1.e4 c5 2.Nf3 Nc6 3.d4 cxd4 4.Nxd4 Qc7 5.Nc3 e6 6.Be3 a6 7.Bd3 Nf6 8.O-O Ne5
9.h3 Bc5 10.Qe2 d6 11.Nb3 Bxe3 12.Qxe3 O-O 13.f4 Ng6 14.Rae1 b5 15.e5 dxe5
16.Bxg6 hxg6 17.Qxe5 Qa7+ 18.Qc5 Bd7 19.Ne4 Rfc8 20.Qxa7 Rxa7 21.c3 a5 22.a3 Nd5
23.Nd4 Ra6 24.Rf3 b4 25.Rc1 bxa3 26.bxa3 Rb6 27.c4 Nxf4 28.Rxf4 e5 29.Rf2 exd4
30.Rd2 Bc6 31.Rxd4 Rb3 32.a4 Bxa4 33.Ng5 Rb2 34.h4 f6 35.Ne6 Bc6 36.Nf4 a4
37.Rc3 Rb3 38.Rdd3 Rxc3 39.Rxc3 Kf7 40.Kf2 Rb8 41.g3 Rb2+ 42.Ke3 g5 43.hxg5  1/2-1/2

[Event "Werfen op"]
[Site "Werfen"]
[Date "1993.??.??"]
[Round "9"]
[White "Klovans, Janis"]
[Black "Klinger, Josef"]
[Result "1/2-1/2"]
[WhiteElo "2415"]
[BlackElo "2435"]

1.e4 c5 2.Nf3 Nc6 3.d4 cxd4 4.Nxd4 Qb6 5.Nb3 e6 6.Nc3 Nf6 7.Bd3 Be7 8.O-O O-O
9.a4 Qc7 10.a5 d6 11.Be3 Bd7 12.Nd4 Nxd4 13.Bxd4 Bc6 14.Re1 Rfd8 15.Nb5 Bxb5
16.Bxb5 e5 17.Bc3 Rac8 18.Qe2 a6 19.Ba4 Qc4 20.Qf3 d5 21.exd5 e4 22.Qg3 Qxd5
23.Bb3 Qf5 24.Qe5 Qxe5 25.Bxe5 Kf8 26.Kf1 Nd7 27.Rxe4 Nxe5 28.Rxe5 Bf6 29.Rf5 Rd2
30.Ra4 Rd1+ 31.Ke2 Rd7 32.Raf4 Re8+ 33.Kf3 Re5 34.Rxe5 Bxe5 35.Rb4 Bxb2 36.Ba4 Bc3
37.Rc4 Rd4 38.Rxd4 Bxd4 39.Bb3 Ke7 40.Bd5 b6 41.axb6 Bxb6 42.Ke2  1/2-1/2

[Event "Zaragoza op"]
[Site "Zaragoza"]
[Date "1993.??.??"]
[Round "?"]
[White "Sanchez Almeyra, Jorge"]
[Black "Pogorelov, Ruslan"]
[Result "1-0"]
[WhiteElo "2435"]
[BlackElo "2415"]

1.e4 c5 2.Nf3 Nc6 3.d4 cxd4 4.Nxd4 Qc7 5.Nc3 e6 6.Be2 a6 7.O-O Nf6 8.Be3 Bb4
9.Na4 O-O 10.Nxc6 bxc6 11.Nb6 Rb8 12.Nxc8 Rfxc8 13.Bxa6 Rf8 14.Bd3 Bd6 15.g3 Be5
16.a4 Bxb2 17.Ra2 Bc3 18.Ra3 Qa5 19.Qe2 d5 20.Bf4 Qc5 21.Rb3 Rxb3 22.cxb3 e5
23.Bg5 Nxe4 24.Bxe4 dxe4 25.Qxe4 Bd4 26.Be3 Bxe3 27.Qxe3 Qxe3 28.fxe3 Rb8
29.Rb1 c5 30.Kf2 Rb4 31.a5 Kf8 32.a6 Rb8 33.a7 Ra8 34.Ra1 Ke7 35.Ke2 Kd6
36.Kd3 Kc6 37.Kc4 Kb6 38.e4 Kc6 39.Ra6+ Kb7 40.Kb5 f6 41.Re6 Rg8 42.Re7+ Ka8
43.Kxc5 h5 44.Rf7 g6 45.Rxf6 Kxa7 46.Kd5 h4 47.gxh4 Rh8 48.Kxe5 Rxh4 49.Rxg6 Rxh2
50.Rc6 Kb7 51.Rc4 Rh3 52.Kd6 Rxb3 53.e5 Rd3+ 54.Ke7 Kb6 55.e6 Kb5 56.Rc1 Re3
57.Kd7  1-0

[Event "Aberdeen op"]
[Site "Aberdeen"]
[Date "1994.??.??"]
[Round "2"]
[White "Ferguson, Mark"]
[Black "Sheldon, Ruth"]
[Result "1-0"]
[WhiteElo "2290"]
[BlackElo "2095"]

1.e4 c5 2.Nf3 Nc6 3.d4 cxd4 4.Nxd4 Qc7 5.Nc3 e6 6.g3 a6 7.Bg2 Nf6 8.O-O Bc5
9.Nb3 Ba7 10.Bf4 Ne5 11.Nc1 O-O 12.Nd3 d6 13.Nxe5 dxe5 14.Bg5 b5 15.Qe2 b4
16.Nd1 Bd7 17.Bxf6 gxf6 18.Ne3 Bb5 19.Qg4+ Kh8 20.Qh4 Bxe3 21.Qxf6+ Kg8 22.fxe3 Bxf1
23.Rxf1 Rad8 24.Bh3 Qxc2 25.Qg5+ Kh8 26.Qxe5+ Kg8 27.Qg5+ Kh8 28.Qf6+ Kg8
29.Rf4 Rd1+ 30.Bf1 Qe2 31.e5 Rxf1+ 32.Rxf1 Qxe3+ 33.Kg2 Qe2+ 34.Rf2 Qe4+
35.Kh3 Qg6 36.Qh4 Qg7 37.Re2 a5 38.Re4 Kh8 39.Qe7 Rg8 40.b3 Qg6 41.Rf4 Qh5+
42.Qh4 Qxh4+ 43.Kxh4 Rd8 44.Rxf7 Rd2 45.Kg5 Kg8 46.Ra7 Rxa2 47.Kf6 h5 48.Kxe6 Rxh2
49.Rxa5 Rb2 50.Kf6 Rxb3 51.e6 Rf3+ 52.Ke7 Rxg3 53.Rxh5 b3 54.Rb5 Kg7 55.Kd7 Rd3+
56.Ke8 Re3 57.e7 Kf6 58.Rb6+ Kg7 59.Rb4 Kf6 60.Rf4+ Kg7 61.Rf7+ Kg8 62.Rf2 Kg7
63.Rg2+ Kf6 64.Kf8 b2 65.Rxb2 Rh3 66.Rf2+  1-0

[Event "Aegina op"]
[Site "Aegina"]
[Date "1994.??.??"]
[Round "4"]
[White "Rytshagov, Mikhail"]
[Black "Grivas, Efstratios"]
[Result "0-1"]
[WhiteElo "2460"]
[BlackElo "2475"]

1.e4 c5 2.Nf3 Nc6 3.d4 cxd4 4.Nxd4 Qb6 5.Nb3 Nf6 6.Nc3 e6 7.Bd3 d6 8.O-O a6
9.a4 Be7 10.a5 Qc7 11.Be3 O-O 12.Qd2 Bd7 13.Bb6 Qb8 14.f4 Nb4 15.Be2 Rc8
16.Bf3 Bc6 17.f5 exf5 18.exf5 Nd7 19.Rae1 Bf8 20.Bd4 Ne5 21.Bxc6 bxc6 22.Ne4 f6
23.Kh1 Nd5 24.Bg1 Qb4 25.Qf2 c5 26.Qg3 Kh8 27.Re2 Qc4 28.Rfe1 Nb4 29.Rd2 Nxc2
30.Ree2 Nb4 31.Re3 d5 32.Nf2 d4 33.Re4 Nd5 34.Rh4 Ne3 35.Nxd4 cxd4 36.Rdxd4 Nxf5
37.Rxh7+ Kg8 38.Rh8+ Kf7  0-1

[Event "Aegina op"]
[Site "Aegina"]
[Date "1994.??.??"]
[Round "7"]
[White "Papastavropoulos, Andreas"]
[Black "Grivas, Efstratios"]
[Result "0-1"]
[WhiteElo "2200"]
[BlackElo "2475"]

1.e4 c5 2.Nf3 Nc6 3.d4 cxd4 4.Nxd4 Qb6 5.Nb3 Nf6 6.Nc3 e6 7.Be3 Qc7 8.f3 Bb4
9.Bc5 Bxc5 10.Nxc5 a6 11.Qd2 d6 12.Nb3 O-O 13.O-O-O Rd8 14.g4 d5 15.Qe3 dxe4
16.Rxd8+ Nxd8 17.Nxe4 Nd5 18.Qd2 Bd7 19.Bd3 Bb5 20.Kb1 Bxd3 21.Qxd3 Nc6 22.Ng5 Nf6
23.h4 Rc8 24.c3 Qe5 25.Ne4 Nxe4 26.fxe4 Rd8 27.Qf3 Qd6 28.Rf1 Rd7 29.Qe3 Ne5
30.g5 Nc4 31.Qe2 b5 32.Kc2 Qg3 33.Rh1 Qf4 34.Rh3 g6 35.Rd3 Rxd3 36.Qxd3 Kg7
37.Nc5 Qf2+ 38.Kc1 Qxc5  0-1

[Event "Akureyri"]
[Site "Akureyri"]
[Date "1994.??.??"]
[Round "?"]
[White "Kristjansson, Olafur"]
[Black "Olafsson, Helgi"]
[Result "0-1"]
[WhiteElo "2235"]
[BlackElo "2535"]

1.e4 c5 2.Nf3 Nc6 3.d4 cxd4 4.Nxd4 Qb6 5.Nb3 Nf6 6.Nc3 e6 7.Bf4 Bb4 8.Bd3 d5
9.exd5 Nxd5 10.Bd2 Nxc3 11.bxc3 Be7 12.O-O O-O 13.Rb1 Qc7 14.Nd4 Bf6 15.Nf3 g6
16.Ng5 Bg7 17.f4 b6 18.Rf3 h6 19.Ne4 f5 20.Rg3 fxe4 21.Bxe4 Rf6 22.Bxg6 Ne7
23.Bd3 Nf5 24.Rf3 h5 25.Rh3 Rh6 26.Kh1 Qf7 27.Be4 Rb8 28.Be1 Bb7 29.Rb4 Bf8
30.Rc4 b5  0-1

[Event "AUT-chT"]
[Site "?"]
[Date "1994.??.??"]
[Round "?"]
[White "Schumi, Manfred"]
[Black "Klinger, Josef"]
[Result "0-1"]
[WhiteElo "2255"]
[BlackElo "2435"]

1.e4 c5 2.Nf3 Nc6 3.d4 cxd4 4.Nxd4 Qb6 5.Nb5 a6 6.Be3 Qa5+ 7.N5c3 Nf6 8.Nd2 e6
9.Nc4 Qc7 10.Bb6 Qb8 11.Nd5 exd5 12.exd5 d6 13.dxc6 bxc6 14.Bd4 Be6 15.Ne3 Be7
16.Bd3 c5 17.Bc3 d5 18.Bd2 c4 19.Be2 Qxb2 20.Rb1 Qe5 21.O-O O-O 22.Re1 c3
23.Bc1 d4 24.Nc4 Qd5 25.Nb6 Qxa2 26.Bf4 Rae8 27.Qxd4 Qxc2 28.Rbc1 Qf5 29.Rxc3 Rd8
30.Qa4 Bc5 31.Be3 Ne4 32.Rxc5 Nxc5 33.Qa3 Nd3 34.Ra1 Nf4 35.Bxa6 Nd5 36.Bb7 Nxb6
37.Bxb6 Rb8 38.Qa6 Qf6 39.Bc5 Rfd8 40.Bf3 Qc3 41.Be3 Bd5 42.Bxd5 Rxd5 43.h3 Qd3
44.Qa7 Rb1+ 45.Rxb1 Qxb1+ 46.Kh2 Rd8 47.Bf4 h6 48.Qe7 Qd3 49.Qc7 Re8 50.Qb6 Qc4
51.Qd6 Re6 52.Qb8+ Kh7 53.Bg3 Re1 54.Bc7 Qc1 55.Bf4 Rh1+ 56.Kg3 Qc3+ 57.Be3 Qc6
58.Qf4 Qg6+ 59.Qg4 Rd1 60.Kh2 Qxg4 61.hxg4 Kg6 62.Kg3 h5 63.gxh5+ Kxh5 64.Bc5 Kg5
65.Bb6 Rd3+ 66.f3 Kf5 67.Ba7 Rd2 68.Bc5 Ke5 69.Bf8 g6 70.Bg7+ Kd5 71.Kh3 Kc4
72.Bf6 Kd3 73.g4 Ke2 74.f4 Kf3 75.Be5 Rd5 76.Bc7 Rd4  0-1

[Event "Oberliga Bayern9394"]
[Site "Bayern"]
[Date "1994.??.??"]
[Round "?"]
[White "Saathoff, Richard"]
[Black "Kraeussling, Andreas"]
[Result "0-1"]
[WhiteElo "2110"]
[BlackElo "2270"]

1.e4 c5 2.Nf3 Nc6 3.d4 cxd4 4.Nxd4 Qb6 5.Nb3 Nf6 6.Nc3 e6 7.a3 d6 8.Be3 Qc7
9.f4 a6 10.Qf3 b5 11.Bd3 Be7 12.O-O Bb7 13.Kh1 O-O 14.Qh3 b4 15.Ne2 bxa3
16.bxa3 d5 17.exd5 exd5 18.Ng3 Rfe8 19.Nf5 Bf8 20.Rae1 Bxa3 21.Nxg7 Kxg7
22.Nd4 Bb2 23.Nf5+ Kh8 24.Qh6 Ng4 25.Qh5 Rg8 26.Rf3 Nf6 27.Qh4 Rg4 28.Qh6 Rg6
29.Qh4 Nb4 30.Ne7 Rg4 31.Qh6 Nxd3 32.cxd3 Qxe7 33.Bd2 Qf8 34.Qh3 Re8 35.Rb1 Qa3
36.Re3 Rxe3 37.Qxe3 Qa2 38.Rg1 Rg8 39.Qe7 Bc6 40.Qd6 Be8  0-1

[Event "Regionalliga SO9495"]
[Site "Bayern"]
[Date "1994.??.??"]
[Round "5"]
[White "Bensch, Patrick"]
[Black "Leirich, Thomas"]
[Result "1-0"]
[WhiteElo "2065"]
[BlackElo "1920"]

1.e4 c5 2.Nf3 Nc6 3.d4 cxd4 4.Nxd4 Qb6 5.Nb3 Nf6 6.Nc3 e6 7.Bd3 Bb4 8.O-O O-O
9.Be3 Qd8 10.f4 d5 11.e5 Nd7 12.Ne2 Re8 13.c3 Bf8 14.Qc2 g6 15.Rad1 b6 16.Ned4 Bb7
17.Nxc6 Bxc6 18.Nd4 Bb7 19.Qe2 a6 20.Qg4 Bg7 21.h4 Nc5 22.Bc2 Qe7 23.h5 Ne4
24.Bxe4 dxe4 25.hxg6 hxg6 26.Kf2 Qc7 27.Rh1 Qc4 28.a3 Qa2 29.Rd2 Rac8 30.Rh3 Qc4
31.Qh4 a5 32.f5 exf5 33.Qh7+ Kf8 34.Bh6 e3+ 35.Kg1 Bxh6 36.Qh8+ Ke7 37.Qf6+ Kf8
38.Rxh6  1-0

[Event "JUG-chT Cup"]
[Site "Becici"]
[Date "1994.??.??"]
[Round "?"]
[White "Todorovic, Goran M"]
[Black "Matulovic, Milan"]
[Result "1-0"]
[WhiteElo "2455"]
[BlackElo "2460"]

1.e4 c5 2.Nf3 Nc6 3.d4 cxd4 4.Nxd4 Qc7 5.Nc3 e6 6.Be2 a6 7.O-O Nf6 8.Be3 Bb4
9.Na4 Bd6 10.Nb6 Rb8 11.g3 Be7 12.Nxc6 bxc6 13.Nxc8 Qxc8 14.e5 Nd5 15.Bc1 Bc5
16.c4 Ne7 17.b3 Qc7 18.Bb2 a5 19.Qc2 a4 20.bxa4 Nf5 21.Rad1 Qa7 22.Bg4 Nd4
23.Qd2 h5 24.Bxd4 Bxd4 25.Qxd4 Qxd4 26.Rxd4 hxg4 27.Rxg4 g6 28.Rd1 c5 29.Rf4 Rb4
30.Rd3 Rh5 31.Rdf3 Rxa4 32.Rxf7 Rf5 33.R3xf5 gxf5 34.Rg7 Rxc4 35.h4 Rd4 36.h5 Kf8
37.h6 c4 38.Rg5 Rg4 39.Rxg4 fxg4 40.Kf1 Kf7 41.a4 Kg6 42.a5 Kxh6 43.a6 c3
44.Ke2 Kg5 45.a7  1-0

[Event "Berga op"]
[Site "Berga"]
[Date "1994.??.??"]
[Round "9"]
[White "Lupu, Smaranda  B"]
[Black "Pogorelov, Ruslan"]
[Result "1/2-1/2"]
[WhiteElo "2135"]
[BlackElo "2415"]

1.e4 c5 2.Nf3 Nc6 3.d4 cxd4 4.Nxd4 Qc7 5.Nc3 e6 6.Be2 a6 7.O-O Nf6 8.Be3 Bb4
9.Na4 O-O 10.Nxc6 bxc6 11.Nb6 Rb8 12.Nxc8 Rfxc8 13.Bxa6 Rf8 14.Bd3 Bd6 15.f4 e5
16.f5 Rxb2 17.g4 h6 18.h4 Nd5 19.exd5 e4 20.Bc4 Bc5 21.Bxc5 Qg3+  1/2-1/2

[Event "GER-ch"]
[Site "Binz"]
[Date "1994.??.??"]
[Round "7"]
[White "Enders, Peter"]
[Black "Maiwald, Jens Uwe"]
[Result "1/2-1/2"]
[WhiteElo "2450"]
[BlackElo "2445"]

1.e4 c5 2.Nf3 Nc6 3.d4 cxd4 4.Nxd4 Qc7 5.Nc3 e6 6.Be2 a6 7.O-O Nf6 8.Be3 Bb4
9.Na4 Be7 10.c4 Nxe4 11.Qc2 Nf6 12.c5 Nd5 13.Rac1 O-O 14.Nb6 Nxb6 15.cxb6 Qe5
16.Nxc6 dxc6 17.Rfd1 Qf6  1/2-1/2

[Event "Bled op"]
[Site "Bled"]
[Date "1994.??.??"]
[Round "?"]
[White "Crepan, Marjan"]
[Black "Dizdarevic, Emir"]
[Result "1-0"]
[WhiteElo "2300"]
[BlackElo "2515"]

1.e4 c5 2.Nf3 Nc6 3.d4 cxd4 4.Nxd4 Qc7 5.Nc3 e6 6.Be2 a6 7.a4 Nf6 8.O-O Bb4
9.Qd3 d6 10.Nb3 O-O 11.f4 b6 12.Bd2 Bb7 13.Qg3 Ne7 14.Bd3 Kh8 15.Rae1 d5
16.exd5 exd5 17.Nb5 Bc5+ 18.Nxc5 Qxc5+ 19.Be3 Qc6 20.Bd4 Rae8 21.Nc3 Qd6
22.Kh1 Nc6 23.Be5 Qd8 24.Qh4 Ne4 25.Qxd8 Nxd8 26.Nxe4 dxe4 27.Bxe4 Bxe4 28.Rxe4 f6
29.Bd6 Rxe4 30.Bxf8 Rxa4 31.g3 Kg8  1-0

[Event "Budapest FS12 GM"]
[Site "Budapest"]
[Date "1994.??.??"]
[Round "1"]
[White "Farago, Sandor"]
[Black "Kogan, Artur"]
[Result "0-1"]
[WhiteElo "2360"]
[BlackElo "2470"]

1.e4 c5 2.Nf3 Nc6 3.d4 cxd4 4.Nxd4 Qc7 5.Nc3 e6 6.Be3 a6 7.Be2 b5 8.O-O Bb7
9.Nb3 Nf6 10.a3 Ne5 11.f4 Nc4 12.Bxc4 bxc4 13.Nd2 h5 14.Qe2 Rc8 15.Rad1 Bc5
16.Bxc5 Qxc5+ 17.Kh1 h4 18.Rf3 Nh5 19.Nf1 f5 20.Qd2 Rc7 21.Rh3 Nf6 22.exf5 Qxf5
23.Kg1 Rh6 24.Ne3 Qc5 25.Qd4 Ke7 26.Qxc5+ Rxc5 27.Rd4 d5 28.Rf3 Bc6 29.Ned1 Be8
30.b4 cxb3 31.cxb3 Bg6 32.b4 Rc6 33.Nf2 Rh8 34.Re3 Rhc8 35.Ne2 Rc2 36.g4 hxg3
37.Nxg3 Kd6 38.Re2 Rxe2 39.Nxe2 Rc2 40.Ng3 Ra2 41.Nf1 Rxa3 42.Nd2 Kc6 43.Kg2 Kb5
44.Nf3 Ne4 45.Ng4 Bf5 46.Nge5 Ra2+ 47.Kf1 Rb2 48.Rd1 Nc3 49.Nd4+ Kxb4 50.Nxf5 exf5
51.Nd3+ Kb3 52.Nxb2 Kxb2 53.Rd2+ Kc1 54.Ke1 a5 55.Rd3 Kc2 56.Rd2+ Kb3 57.Rd3 Kc4
58.Rg3 a4 59.Rxg7 a3 60.Rc7+ Kb4 61.Rb7+ Nb5 62.Rb8 a2 63.Ra8 Na3  0-1

[Event "Budapest Spring op"]
[Site "Budapest"]
[Date "1994.??.??"]
[Round "1"]
[White "Jakus, Katalin"]
[Black "Fogarasi, Tibor"]
[Result "0-1"]
[WhiteElo "2150"]
[BlackElo "2415"]

1.e4 c5 2.Nf3 Nc6 3.d4 cxd4 4.Nxd4 Qc7 5.Nc3 e6 6.Ndb5 Qb8 7.Be3 Nf6 8.Bd3 a6
9.Nd4 Ne5 10.h3 d6 11.O-O Be7 12.f4 Ned7 13.f5 e5 14.Nf3 b5 15.Ne2 d5 16.Ng3 Bb7
17.exd5 Bxd5 18.Ng5 Qb7 19.Rf2 h6 20.Ne6 fxe6 21.fxe6 Bxe6 22.Bg6+ Bf7 23.Bxf7+ Kxf7  0-1

[Event "Budapest FS10 GM"]
[Site "Budapest"]
[Date "1994.??.??"]
[Round "8"]
[White "Fogarasi, Tibor"]
[Black "Sidorov, Anatoly"]
[Result "1-0"]
[WhiteElo "2445"]
[BlackElo "2365"]

1.e4 c5 2.Nf3 Nc6 3.d4 cxd4 4.Nxd4 Qb6 5.Nb3 Nf6 6.Nc3 e6 7.Bd3 d6 8.Be3 Qc7
9.f4 b6 10.Qe2 Be7 11.O-O-O a6 12.g4 Nd7 13.g5 Nc5 14.Kb1 Bb7 15.Rhf1 Nxb3
16.axb3 b5 17.Qf2 Nb4 18.f5 e5 19.f6 gxf6 20.gxf6 Bf8 21.Rg1 Bc6 22.Bf1 Qb7
23.Rg4 Bd7 24.Rh4 h6 25.Qd2 Be6 26.Bxh6 O-O-O 27.Bg5 Rg8 28.Bh3 d5 29.Bxe6+ fxe6
30.f7 Rxg5 31.Qxg5 d4 32.Na2 d3 33.c3 Nxa2 34.Kxa2 b4 35.Qxe5 Qxf7 36.Rf4 Qe7
37.Qa5 Kb7 38.e5 bxc3 39.bxc3 Qg5 40.Rf7+  1-0

[Event "Budapest FS04 IM-A"]
[Site "Budapest"]
[Date "1994.??.??"]
[Round "11"]
[White "Pikler, Tamas"]
[Black "Damjanovic, Vladimir"]
[Result "0-1"]
[WhiteElo "2210"]
[BlackElo "2380"]

1.e4 c5 2.Nf3 Nc6 3.d4 cxd4 4.Nxd4 Qb6 5.Nb3 Nf6 6.Nc3 e6 7.Be3 Qc7 8.a3 d6
9.Be2 Be7 10.O-O a6 11.f4 b5 12.Bf3 Bb7 13.Qe2 O-O 14.g4 Rfe8 15.Qf2 Nd7
16.Rad1 b4 17.axb4 Nxb4 18.g5 g6 19.Rd2 Rab8 20.Rfd1 Bf8 21.Na4 Bc6 22.Nc3 Nxc2
23.Rxc2 Rxb3 24.Ne2 Nc5 25.Nd4 Ba4 26.Nxb3 Bxb3 27.Rdc1 Bxc2 28.Rxc2 Qa5
29.e5 Nd3 30.Qe2 Qe1+ 31.Kg2 Qxe2+ 32.Bxe2 Ne1+  0-1

[Event "Buenos Aires GP1"]
[Site "Buenos Aires"]
[Date "1994.??.??"]
[Round "5"]
[White "German, Gustavo"]
[Black "Miladinovic, Igor"]
[Result "1-0"]
[WhiteElo "2280"]
[BlackElo "2480"]

1.e4 c5 2.Nf3 Nc6 3.d4 cxd4 4.Nxd4 Qc7 5.Nc3 e6 6.Ndb5 Qb8 7.a4 Nf6 8.Be2 Bc5
9.Bg5 a6 10.Na3 Bd4 11.Qd2 O-O 12.Bf3 b5 13.axb5 axb5 14.Ncxb5 Bxb2 15.Rb1 Ne5
16.O-O Nxf3+ 17.gxf3 Bxa3 18.Nxa3 Qe5 19.Nc4 Qc5 20.Bxf6 gxf6 21.Kh1 Qh5
22.Rg1+ Kh8 23.Qf4 f5 24.Rg5 Qh3 25.Rbg1 f6 26.Ne5  1-0

[Event "BUL-ch"]
[Site "BUL"]
[Date "1994.??.??"]
[Round "8"]
[White "Petrov, Marijan"]
[Black "Todorov, Ognjan"]
[Result "1-0"]
[WhiteElo "2400"]
[BlackElo "2400"]

1.e4 c5 2.Nf3 Nc6 3.d4 cxd4 4.Nxd4 Qb6 5.Nb3 Nf6 6.Nc3 e6 7.Bd3 Be7 8.f4 d6
9.Qf3 a6 10.Be3 Qc7 11.O-O-O b5 12.g4 Bb7 13.g5 Nd7 14.Qh3 Nb4 15.Kb1 Rc8
16.Nd4 O-O 17.f5 exf5 18.Nxf5 Ne5 19.Bb6 Qxb6 20.Nxe7+ Kh8 21.Nxc8 Bxc8 22.Qh4 Bg4
23.Rdf1 Be6 24.Nd5 Qc5 25.Nxb4 Qxb4 26.Qf2 Rc8 27.Rd1 Qc5 28.b3 Nc6 29.Kb2 b4
30.h4 Qe5+ 31.Kb1 a5 32.h5 Qxg5 33.h6 g6 34.Ba6 Rb8 35.Rxd6 Ne5 36.Qd4 Bg4
37.Rf1 Bh3 38.Rxf7  1-0

[Event "Calcutta op"]
[Site "Calcutta"]
[Date "1994.??.??"]
[Round "3"]
[White "Balasubramaniun, Ramnathan"]
[Black "Hegde, Ravi Gopal"]
[Result "0-1"]
[WhiteElo "2265"]
[BlackElo "2380"]

1.e4 c5 2.Nf3 Nc6 3.d4 cxd4 4.Nxd4 Qb6 5.Nb3 Nf6 6.Nc3 e6 7.Be3 Qc7 8.Bd3 a6
9.a4 Bb4 10.O-O Na5 11.Nxa5 Qxa5 12.Bd2 d6 13.f4 Bd7 14.Qe2 Bc6 15.Kh1 O-O
16.Nb1 Bxd2 17.Nxd2 Rad8 18.e5 dxe5 19.fxe5 Nd7 20.Nc4 Qc7 21.Qh5 g6 22.Qg5 Bd5
23.Rf6 Bxc4 24.Bxg6 fxg6 25.Rxg6+ Kh8 26.Qh6 Qxe5  0-1

[Event "Cap d'Agde op"]
[Site "Cap d'Agde"]
[Date "1994.??.??"]
[Round "?"]
[White "Marciano, David"]
[Black "Kurajica, Bojan"]
[Result "0-1"]
[WhiteElo "2395"]
[BlackElo "2565"]

1.e4 c5 2.Nf3 Nc6 3.d4 cxd4 4.Nxd4 Qb6 5.Nb3 Nf6 6.Nc3 e6 7.Bd3 d6 8.O-O Be7
9.Be3 Qc7 10.f4 a6 11.a4 b6 12.Qe2 O-O 13.Nd2 Nd7 14.Kh1 Nc5 15.Nf3 Bb7 16.Rae1 Nb4
17.Bd4 Qd7 18.Rd1 Nxa4 19.Nxa4 Qxa4 20.Bxb6 Rac8 21.Bd4 Nxd3 22.cxd3 Qd7
23.Bc3 f6 24.Nd4 e5 25.Nf5 Kh8 26.fxe5 dxe5 27.d4 exd4 28.Rxd4 Qe6 29.Nxe7 Qxe7
30.Rfd1 Rfe8 31.Qg4 Bc6 32.h3 h6 33.Re1 Qe6 34.Qg3 Rcd8 35.e5 Rxd4 36.Bxd4 f5
37.Bc3 f4 38.Qh4 g5 39.Qh5 f3 40.gxf3 Rf8 41.Re4 Bxe4 42.fxe4 Rf4 43.Kh2 Kh7
44.Qe2 Qb6 45.Be1 Qb5 46.Qc2 Qxe5  0-1

[Event "Cappelle op"]
[Site "Cappelle la Grande"]
[Date "1994.??.??"]
[Round "3"]
[White "Brustman, Agnieszka"]
[Black "Lupu, Smaranda  B"]
[Result "1-0"]
[WhiteElo "2345"]
[BlackElo "2135"]

1.e4 c5 2.Nf3 Nc6 3.d4 cxd4 4.Nxd4 Qc7 5.Nc3 e6 6.Be2 a6 7.O-O Nf6 8.Kh1 Bb4
9.Nxc6 dxc6 10.f4 Bxc3 11.bxc3 Nxe4 12.Qd4 f5 13.Bh5+  1-0

[Event "Mencik mem"]
[Site "Ceske Budejovice"]
[Date "1994.??.??"]
[Round "9"]
[White "Guenther, Anetta"]
[Black "Erenska Radzewska, Hanna"]
[Result "1/2-1/2"]
[WhiteElo "2160"]
[BlackElo "2225"]

1.e4 c5 2.Nf3 Nc6 3.d4 cxd4 4.Nxd4 Qb6 5.Nb3 Nf6 6.Nc3 e6 7.Be3 Qc7 8.Bd3 a6
9.O-O b5 10.f4 d6 11.Qf3 Bb7 12.Rae1 Nb4 13.a3 Nxd3 14.cxd3 Be7 15.Qg3 g6
16.Bd4 Nh5 17.Qf2 O-O 18.f5 Nf6 19.Qh4 e5 20.Be3 Nxe4 21.f6 Bxf6 22.Rxf6 Nxf6
23.Qxf6 Qd8 24.Bg5 Qxf6 25.Bxf6 Rfe8 26.Na5 Rab8 27.Nxb7 Rxb7 28.Nd5 a5 29.Rc1 b4
30.a4 h6 31.Rc6 Rbb8 32.Rxd6 Kf8 33.Nb6 Kg8 34.Nd7 Rbc8 35.Bxe5 Re6 36.Rxe6 fxe6
37.Nb6 Rc1+ 38.Kf2 Ra1 39.Ke2 g5 40.Kd2 Kf7 41.d4 Rg1 42.Nc4 Rxg2+ 43.Kd3 h5
44.b3 h4 45.Ke3 Rc2 46.Nxa5 Rc3+ 47.Ke2 g4 48.Bd6 Ke8 49.Bf4 Rh3 50.Be5 Rc3
51.Kd2 Rh3 52.Ke2 Rc3  1/2-1/2

[Event "Hessen-ch"]
[Site "Doernigheim"]
[Date "1994.??.??"]
[Round "1"]
[White "Kersten, Uwe"]
[Black "Majer, Damir"]
[Result "1/2-1/2"]
[WhiteElo "2365"]
[BlackElo "2225"]

1.e4 c5 2.Nf3 Nc6 3.d4 cxd4 4.Nxd4 Qc7 5.Nb5 Qb8 6.c4 Nf6 7.N1c3 a6 8.Nd4 e6
9.a3 d6 10.Be2 Be7 11.O-O O-O 12.Be3 Bd7 13.f4 Nxd4 14.Qxd4 Bc6 15.Rac1 Rc8
16.a4 b6 17.Bf3 Nd7 18.b4 a5 19.b5 Bb7  1/2-1/2